Carbon democracy : (Record no. 3654)

MARC details
000 -LEADER
fixed length control field 01582cam a22003974i 4500
001 - CONTROL NUMBER
control field 3654
003 - CONTROL NUMBER IDENTIFIER
control field FISKH
005 - DATE AND TIME OF LATEST TRANSACTION
control field 20240403091028.0
008 - FIXED-LENGTH DATA ELEMENTS--GENERAL INFORMATION
fixed length control field 130131s2013 enk b 001 0 fre
010 ## - LIBRARY OF CONGRESS CONTROL NUMBER
LC control number 2012050646
020 ## - INTERNATIONAL STANDARD BOOK NUMBER
International Standard Book Number 9781781681169 (pbk. : alk. paper)
020 ## - INTERNATIONAL STANDARD BOOK NUMBER
International Standard Book Number 9782707174895
040 ## - CATALOGING SOURCE
Original cataloging agency DLC
Language of cataloging eng
Transcribing agency DLC
Description conventions rda
Modifying agency DLC
042 ## - AUTHENTICATION CODE
Authentication code pcc
043 ## - GEOGRAPHIC AREA CODE
Geographic area code aw-----
050 00 - LIBRARY OF CONGRESS CALL NUMBER
Classification number HD9560.6
Item number .M58 2013
082 00 - DEWEY DECIMAL CLASSIFICATION NUMBER
Classification number 320.01/1
Edition number 23
100 1# - MAIN ENTRY--PERSONAL NAME
Personal name Mitchell, Timothy,
Dates associated with a name 1955-
245 10 - TITLE STATEMENT
Title Carbon democracy :
Remainder of title political power in the age of oil /
Statement of responsibility, etc. Timothy Mitchell.
264 #1 - PRODUCTION, PUBLICATION, DISTRIBUTION, MANUFACTURE, AND COPYRIGHT NOTICE
Place of production, publication, distribution, manufacture London :
Name of producer, publisher, distributor, manufacturer Verso,
Date of production, publication, distribution, manufacture, or copyright notice 2013.
300 ## - PHYSICAL DESCRIPTION
Extent 292 pages :
Dimensions 21 cm.
336 ## - CONTENT TYPE
Content type term text
Source rdacontent
337 ## - MEDIA TYPE
Media type term unmediated
Source rdamedia
338 ## - CARRIER TYPE
Carrier type term volume
Source rdacarrier
504 ## - BIBLIOGRAPHY, ETC. NOTE
Bibliography, etc. note Includes bibliographical references and index.
505 0# - FORMATTED CONTENTS NOTE
Formatted contents note Machines of democracy -- The prize from fairyland -- Consent of the governed -- Mechanisms of goodwill -- Fuel economy -- Sabotage -- The crisis that never happened -- McJihad.
520 ## - SUMMARY, ETC.
Summary, etc. Argues that oil undermines democracy, and our ability to address the environmental crisis.
650 #0 - SUBJECT ADDED ENTRY--TOPICAL TERM
Topical term or geographic name entry element Petroleum industry and trade
General subdivision Political aspects.
650 #0 - SUBJECT ADDED ENTRY--TOPICAL TERM
Topical term or geographic name entry element Environmental policy.
650 #0 - SUBJECT ADDED ENTRY--TOPICAL TERM
Topical term or geographic name entry element Carbon dioxide mitigation.
651 #0 - SUBJECT ADDED ENTRY--GEOGRAPHIC NAME
Geographic name Middle East
General subdivision Foreign relations
Geographic subdivision Western countries.
651 #0 - SUBJECT ADDED ENTRY--GEOGRAPHIC NAME
Geographic name Western countries
General subdivision Foreign relations
Geographic subdivision Middle East.
906 ## - LOCAL DATA ELEMENT F, LDF (RLIN)
a 7
b cbc
c orignew
d 1
e ecip
f 20
g y-gencatlg
942 ## - ADDED ENTRY ELEMENTS (KOHA)
Source of classification or shelving scheme Dewey Decimal Classification
Koha item type Books
Suppress in OPAC No
Holdings
Withdrawn status Lost status Source of classification or shelving scheme Damaged status Not for loan Collection Home library Current library Shelving location Date acquired Total Checkouts Full call number Barcode Date last seen Price effective from Koha item type
    Dewey Decimal Classification     Non-Fiction Footprints International School Library Network Toul Kork Campus Footprints International School Library Network Toul Kork Campus TK Floor 4 Rear Hallway Shelf 1 (Adult/Secondary Foriegn Language/Khmer) 04/03/2024   MIT 333.8232 HD9560.M58 2024-0452 04/03/2024 04/03/2024 Books